000 04582 a2200481 4500
005 20090519124038.0
008 090519t xxu||||| |||| 00| 0 eng d
010 _aENG-89981 B-309375-391
020 _a8175155337
_c550.00
020 _a9788175155336
_c550.00
035 _aEN-73514 B-309375-391
037 _bDBAD / PUB
040 _adpl
_bEnglish
082 _a480
100 _aSharpe, Pamela J.
245 _aBarron's how to prepare for the TOEFL iBT (Test of English as a Foreign Language Internet-Based Test) /
_cby Pamela J. Sharpe
250 _a12th ed
260 _aNew Delhi
_bGalgotia Publications
_c2008 (repr.)
270 _a5, Ansari Road, Darya Ganj
_bNew Delhi
_cDelhi
_e110002
300 _axiv, 812p.:
_c24cm. (pbk)
_eCD-ROM
_bill.
490 _aBarron's educational series
500 _aIncludes glossary
942 _adpl
_cEN
_k480 / SHA
_2ddc
_h480
_mSHA
999 _c11743
_d11743